000 00640nam a2200277Ia 4500
005 20260324135126.0
008 008 260324s9999 xx 000 0 eng d
020 _a9781315028033
037 _aEBOOK
040 _aCRL
040 _beng
040 _cCRL
041 _2eng
041 _aeng
084 _qCRL
100 _aBrian Stanley; Kevin Ward
_91199432
245 4 _aThe Church Mission Society
260 _bTaylor and Francis
260 _c2000
365 _a
365 _b325
856 _uhttp://www.taylorfrancis.com/books/9781315028033
942 _cEBOOK
999 _c1800185
_d1800185